Flood fears affect brownfield housing (Record no. 117298)
[ view plain ]
| 000 -LEADER | |
|---|---|
| fixed length control field | 00990cam a2200229 4500 |
| 001 - CONTROL NUMBER | |
| control field | WB4017-05 |
| 008 - FIXED-LENGTH DATA ELEMENTS--GENERAL INFORMATION | |
| fixed length control field | 040505n2004 000 0 eng u |
| 035 ## - SYSTEM CONTROL NUMBER | |
| System control number | (Sirsi) u126106 |
| 245 ## - TITLE STATEMENT | |
| Title | Flood fears affect brownfield housing |
| 260 ## - PUBLICATION, DISTRIBUTION, ETC. | |
| Date of publication, distribution, etc. | 2004 |
| 490 ## - SERIES STATEMENT | |
| Series statement | Regeneration and Renewal |
| Volume/sequential designation | 30 April 2004, 11(1) |
| 520 ## - SUMMARY, ETC. | |
| Summary, etc. | Foresight have published a report "Foresight flood and coastal defence project", which highlights that building homes away from areas at risk from flooding could involve a greater use of greenfield sites. The report, produced for DEFRA, warns that building on brownfield land, which is often on floodplains, will need adequate protection against flooding. Copies of the report are available at http://www.foresight.gov.uk. |
| 590 ## - LOCAL NOTE (RLIN) | |
| Local note | WB |
| 590 ## - LOCAL NOTE (RLIN) | |
| Local note | WB |
| 650 ## - SUBJECT ADDED ENTRY--TOPICAL TERM | |
| Topical term or geographic name entry element | COASTAL DEFENCE |
| 650 ## - SUBJECT ADDED ENTRY--TOPICAL TERM | |
| Topical term or geographic name entry element | FLOOD DEFENCES |
| 650 ## - SUBJECT ADDED ENTRY--TOPICAL TERM | |
| Topical term or geographic name entry element | BROWNFIELD SITES |
| 650 ## - SUBJECT ADDED ENTRY--TOPICAL TERM | |
| Topical term or geographic name entry element | GREENFIELD SITES |
| 650 ## - SUBJECT ADDED ENTRY--TOPICAL TERM | |
| Topical term or geographic name entry element | FLOOD PLAINS |
| 690 ## - LOCAL SUBJECT ADDED ENTRY--TOPICAL TERM (OCLC, RLIN) | |
| Topical term or geographic name as entry element | ENVIRONMENT |
| 9 (RLIN) | 6238 |
| 942 ## - ADDED ENTRY ELEMENTS (KOHA) | |
| Suppress in OPAC | 0 |
| Withdrawn status | Lost status | Source of classification or shelving scheme | Damaged status | Not for loan | Home library | Current library | Shelving location | Date acquired | Total Checkouts | Full call number | Barcode | Date last seen | Copy number | Price effective from | Koha item type |
|---|---|---|---|---|---|---|---|---|---|---|---|---|---|---|---|
| Dewey Decimal Classification | London | London | News article | 05/05/2004 | WB4017-05 | 126106-1001 | 06/08/2019 | 1 | 06/08/2019 | News article |